| 000 | 00622cam2a220021700 4500 | ||
|---|---|---|---|
| 001 | zam00002825 | ||
| 008 | 951128s1977 xx eng u | ||
| 035 | _a(Sirsi) r20164 | ||
| 035 | _a(MACHINE)SLC. | ||
| 100 |
_aFishman, J. A. et al. _6A81407.1 |
||
| 245 | 1 | 4 | _aThe spread of English. |
| 260 | _c1977. | ||
| 949 |
_aPE1128.A2 FISH _wlcc _mMAIN _p2500 _tSHORTLOAN _lSHORTLOAN |
||
| 004 | 20164 | ||
| 591 | _aClass code: E 929. | ||
| 591 | _aCourse: Origins distrib. & variab. of English. | ||
| 591 | _aSchool: S05. | ||
| 591 | _aLecturer: Mr. HIRST, S.B. | ||
| 591 | _aNumber of Students: 30. | ||
| 909 | _aBook | ||
| 999 |
_c170206 _d170206 |
||